how fast can you type #2 - Statistics

General Stats
  • This quiz has been taken 660 times
  • The average score is 15 of 15
Answer Stats
Hint Answer % Correct
you you
100%
do do
99%
quick quick
99%
tip tip
99%
add add
98%
arrow arrow
98%
check check
98%
fail fail
98%
no no
98%
so so
98%
the the
98%
zounds zounds
98%
yesterday yesterday
97%
your your
97%
siesmograph siesmograph
92%
No matching quizzes found
Score Distribution
Percent of People with Each Score
Percentile by Number Answered
Your Score History
You have not taken this quiz